The Soils of Serranía de los Churumbelos/ (Registro nro. 17511)

Detalles MARC
000 -CABECERA
Campo de control 01040nam a22002297a 4500
005 - FECHA Y HORA DE LA ULTIMA TRANSACCION
Campo de control 20200104041730.0
008 - ELEMENTOS DE LONGITUD FIJA—INFORMACION GENERAL
Campo de control 150701b2007 ck ||||| |||| 00| 0 spa d
040 ## - FUENTE DE CATALOGACIÓN
Agencia catalogadora original CO-BoIAVH
Agencia transcriptora CO-BoIAVH
041 ## - IDIOMA
Código de idioma para texto/pista de sonido o título separado Español
044 ## - PAÍS DE PUBLICACIÓN
País de publicación Colombia
090 ## - CLASIFICACIÓN LOCAL
Colección AR
Consecutivo 01894
100 1# - ASIENTO PRINCIPAL--NOMBRE PERSONAL
Nombre personal Jarvis, Andrew
245 14 - MENCION DE TITULO
Título The Soils of Serranía de los Churumbelos/
Mención de responsabilidad Andrew Jarvis
260 3# - PUBLICACION, DISTRIBUCION, ETC. (PIE DE IMPRENTA)
Lugar de publicación, distribución, etc. Bogotá:
Nombre del editor, distribuidor, etc. ProAves,
Fecha de publicación, distribución, etc. 2007.
300 ## - DESCRIPCION FISICA
Extensión Año 2007, Nro 3, Agosto, Pag. 82-83
520 ## - NOTA DE RESUMEN, ETC.
Nota de resumen Las espectaculares formaciones geológicas, combinadas con la compleja topografía de la Serranía de los Churumbelos, producen condiciones ideales para una alta variedad espacial de las propiedades del suelo lo que puede explicar la extensa regionalización de los ecosistemas.
650 #4 - ASIENTO SECUNDARIO DE MATERIA - TERMINO TEMATICO
Término temático o nombre geográfico como elemento de entrada Cobertura de suelos
Subdivisión geográfica Región Andina
-- Colombia
650 #4 - ASIENTO SECUNDARIO DE MATERIA - TERMINO TEMATICO
Término temático o nombre geográfico como elemento de entrada Ecología de suelos
Subdivisión geográfica Región Andina
-- Colombia
650 #4 - ASIENTO SECUNDARIO DE MATERIA - TERMINO TEMATICO
Término temático o nombre geográfico como elemento de entrada Suelos
773 0# - Item fuente:
Lugar, editorial y fecha de publicación Bogotá : Fundación ProAves, 2006-
Otro identificador del ítem - Codigo de Barras 038447
Título Revista Conservación Colombiana
Número Internacional Normalizado para Publicaciones Seriadas - ISSN 19001592
942 ## - ELEMENTOS ADICIONALES (KOHA)
Sistema de clasificación Local
Tipo de ítem Artículo
Existencias
Withdrawn status Lost status Sistema de Clasificación Damaged status No para préstamo Colección Fecha publicación (Año) Número revista Ubicación Permanente Ubicación actual Fecha de adquisición Fuente de Valor Datos de publicación Seriada Total Checkouts Número topográfico Inventario / Código de Barras Date last seen Ejemplar Price effective from Tipo de material
    Local   No para Préstamo Hemeroteca 2007 3 Bogotá Bogotá 01/07/2015 Fundación ProAves Fuera de circulación   AR-01894 AUTO_29278 01/07/2015 Ej. 1 01/07/2015 Artículo